Catalogue illustré du Salon : (Record no. 185306)

MARC details
000 -LEADER
campo de control de longitud fija 01123nam a2200229 i 4500
001 - NÚMERO DE CONTROL
campo de control 185306
003 - IDENTIFICADOR DE NÚMERO DE CONTROL
campo de control ES-MaACL
005 - FECHA Y HORA DE LA ÚLTIMA TRANSACCIÓN
campo de control 20230906222408.0
008 - DATOS DE LONGITUD FIJA--INFORMACIÓN GENERAL
campo de control de longitud fija 160511s1880 fr |||| | fre d
245 00 - MENCIÓN DEL TÍTULO
Título Catalogue illustré du Salon :
Resto del título contenant deux cents reproductions d'après les dessins originaux des artistes (sections de peinture et de sculpture) /
Mención de responsabilidad, etc. publié sous la direction de F.-G. Dumas.
250 ## - MENCION DE EDICION
Mención de edición Edition autorisée.
260 ## - PUBLICACIÓN, DISTRIBUCIÓN, ETC.
Lugar de publicación, distribución, etc. Paris :
Nombre del editor, distribuidor, etc. Motteroz :
-- L. Baschet,
Fecha de publicación, distribución, etc. [1880?]
300 ## - DESCRIPCIÓN FÍSICA
Extensión 1 vol. (pag. var.) :
Otras características físicas principalmente il. negro ;
Dimensiones 23 cm.
505 8# - NOTA DE CONTENIDO CON FORMATO
Nota de contenido con formato Contiene: Sections de peinture & sculpture: Première série y Deuxième série: dessins, reproductions en fac-similé des principales oeuvres d'après les originiaux exécutés par les artistes eux-mèmes.
611 24 - PUNTO DE ACCESO ADICIONAL DE MATERIA--NOMBRE DE REUNIÓN/CONGRESO
Nombre de congreso/reunión o jurisdicción como elemento de entrada Salon (Francia) (
Número del congreso/reunión o número de parte o sección 97º.
Fecha del congreso o de la firma del tratado 1880.
Sede del congreso/Lugar de la reunión Paris)
9 (RLIN) 159545
650 #4 - PUNTO DE ACCESO ADICIONAL DE MATERIA--TÉRMINO DE MATERIA
Término de materia o nombre geográfico como elemento de entrada Arte francés-
Subdivisión cronológica S.XIX-
Subdivisión de forma Exposiciones.
9 (RLIN) 154068
655 #7 - TERMINO DE INDIZACIÓN--GENERO/FORMA
Fuente del término tgfbne
9 (RLIN) 193628
Datos o término principal de género/forma Catálogos de exposiciones
700 1# - ENTRADA AGREGADA--NOMBRE PERSONAL
Nombre de persona Dumas, François- Guillaume.
9 (RLIN) 151849
852 ## - LOCALIZACIÓN
Ubicación ES-MaACL
Número de control de estantería F-11790
942 ## - ELEMENTOS DE ENTRADA SECUNDARIOS (KOHA)
Fuente del sistema de clasificación o colocación Clasificación decimal universal
Holdings
Estatus retirado Estado de pérdida Estado de daño No para préstamo Colección Biblioteca de origen Biblioteca actual Ubicación en estantería Fecha de adquisición Fuente de adquisición Total de préstamos Signatura topográfica completa Código de barras Visto por última vez Precio de reemplazo Tipo de ítem Koha
        Libros del s. XIX Biblioteca del Ateneo de Madrid Biblioteca del Ateneo de Madrid Sala Pecera Planta 2 11/05/2016     F-11790 1195233 23/02/2023 23/02/2023 Libro impreso antiguo